| 000 | 00866nam a2200193 i 4500 | ||
|---|---|---|---|
| 001 | 31334 | ||
| 003 | ES-MaACL | ||
| 005 | 20231227160937.0 | ||
| 007 | t| | ||
| 008 | 030128s1905 sp |||| | spa d | ||
| 080 | _a821.134.2-34"19" | ||
| 100 | 1 |
_aBenavente, Jacinto, _d1866-1954 _927443 |
|
| 245 | 1 | 0 |
_aVilanos / _cJacinto Benavente. |
| 260 |
_aMadrid : _b[s.n., _c1905] ( _fFortanet) |
||
| 300 |
_a210 p. ; _c19 cm. |
||
| 505 | 8 | _aContiene: La toma de la Bastilla. El cantor de la miseria. Ley de justicia. El paraíso prometido. El caballero de la muerte. Los clowns. La mula y el buey. Los Reyes Magos. Triunfo del amor. Cuento de carnaval. Elección de traje. El elefante blanco. El poema del circo. Leyes suntuarias. La venganza del compadre. Hija del alma. Los reditos. El pecado venial. | |
| 852 |
_aES-MaACL _jF-9769 |
||
| 999 |
_c31334 _d31334 |
||